000 00697nam a22002657a 4500
001 BR8005330
003 BR-BrBNA
005 20230928090719.0
007 ta
008 230509b bl.||||| |||| 00| 0 por d
040 _aBR-BrBNA
_bpor
_cBiblioteca Nacional de Agricultura
041 _a(Por)
072 _aP05
_b4620
_b3854
090 _ 4620 BR8005330
100 1 _aMazzucchi, O.A.J.
110 1 _aCompanhia Energetica de Sao Paulo, Sao Paulo (Brasil)
_92428
245 1 _aBiodigestor rural
260 3 _aSao Paulo, SP (Brasil):
_c1980.
300 _a27 p.
500 _a7 illus.
650 _aBIODIGESTOR
650 _aBIOGAS
909 _a202309
_bLucia
_c55
_dLucia Elande
942 _cBK
999 _c30168
_d30168